Dược thư mục Quốc gia Việt Nam = Vietnamese National drug formulary

Nội dung sách gồm các thuật ngữ về chuyên luận thuốc...

সংরক্ষণ করুন:
গ্রন্থ-পঞ্জীর বিবরন
সংস্থা লেখক: Bộ y tế
বিন্যাস: গ্রন্থ
ভাষা:Undetermined
প্রকাশিত: Nxb. Hà Nội Hà Nội 2002
বিষয়গুলি:
ট্যাগগুলো: ট্যাগ যুক্ত করুন
কোনো ট্যাগ নেই, প্রথমজন হিসাবে ট্যাগ করুন!
Thư viện lưu trữ: Trung tâm Học liệu Trường Đại học Cần Thơ
LEADER 00827nam a2200241Ia 4500
001 CTU_238249
008 210402s9999 xx 000 0 und d
082 |a 615 
082 |b B450 
110 |a Bộ y tế 
245 0 |a Dược thư mục Quốc gia Việt Nam = 
245 0 |b Vietnamese National drug formulary 
245 0 |c Nguyễn Đình Tuấn (chỉnh lý) 
260 |a Nxb. Hà Nội 
260 |b Hà Nội 
260 |c 2002 
520 |a Nội dung sách gồm các thuật ngữ về chuyên luận thuốc... 
526 |a Phản ứng độc hại của thuốc 
526 |b TN390 
650 |a Dược học,Pharmacology 
650 |x Thuật ngữ,Terminology 
910 |a Tuyến 
980 |a Trung tâm Học liệu Trường Đại học Cần Thơ